| 000 | 00784cam a22002653a 4500 | ||
|---|---|---|---|
| 001 | 285 | ||
| 003 | PGUSA | ||
| 005 | 20140828082946.0 | ||
| 008 | 080709s2008||||xxu|||||s|||||000 1 eng d | ||
| 040 |
_aPGUSA _beng |
||
| 042 | _adc | ||
| 050 | 4 | _aPR | |
| 100 | 1 |
_aHyne, Charles John Cutcliffe Wright, _d1866-1944 |
|
| 245 | 1 | 4 |
_aThe Lost Continent _h[electronic resource] / _cCharles John Cutcliffe Wright Hyne |
| 260 |
_bProject Gutenberg, _c2008 |
||
| 506 | _aPublic domain in the USA. | ||
| 516 | _aElectronic text | ||
| 653 | _aFantasy fiction | ||
| 653 | _aScience fiction | ||
| 653 | _aAtlantis (Legendary place) -- Fiction | ||
| 653 | _aLost continents -- Fiction | ||
| 830 | 0 |
_aProject Gutenberg _v285 |
|
| 856 | 4 | 0 | _uhttp://www.gutenberg.org/ebooks/285 |
| 942 | _cEB | ||
| 999 |
_c229636 _d229636 |
||